000 00300nam a22001337a 4500
008 181105b xxu||||| |||| 00| 0 eng d
020 _a9780534244262
041 _aeng
080 _a004
100 _a28
101 _aSHKI
245 _aData Analysis Using Excel
_cMiddleton, M.R
942 _2udc
_cBK
999 _c51891
_d51891